IMDB Top 100 Video Games - Statistics

General Stats
  • This quiz has been taken 32 times
  • The average score is 27 of 100
Answer Stats
# Rating Answer % Correct
17 9.4 Grand Theft Auto V
91%
21 9.4 Red Dead Redemption
86%
95 9.1 Super Mario 64
82%
1 9.8 Red Dead Redemption II
77%
10 9.5 God of War
73%
91 9.1 God of War II
73%
82 9.1 God of War III
73%
19 9.4 Grand Theft Auto: San Andreas
73%
74 9.1 Resident Evil 2
68%
27 9.4 The Legend of Zelda: Breath of the Wild
68%
7 9.6 The Legend of Zelda: Ocarina of Time
68%
2 9.7 The Last of Us
64%
96 9.1 Half-Life
59%
29 9.4 Half-Life 2
59%
52 9.2 Resident Evil 4 (2005)
59%
36 9.3 Resident Evil 4 (2023)
59%
85 9.1 Super Mario Galaxy
59%
62 9.2 Super Mario World
59%
18 9.4 Elden Ring
55%
15 9.5 Final Fantasy VII
55%
92 9.1 Final Fantasy X
55%
14 9.5 Metal Gear Solid
55%
57 9.2 Super Mario Bros. 3
55%
97 9.1 Fallout
50%
51 9.2 Grand Theft Auto: Vice City
50%
25 9.4 Portal 2
50%
39 9.3 The Elder Scrolls V: Skyrim
50%
28 9.4 Silent Hill 2 (2001)
45%
81 9.1 Silent Hill 2 (2024)
45%
30 9.4 The Legend of Zelda: Tears of the Kingdom
45%
77 9.1 BioShock
41%
80 9.1 Dark Souls III
41%
26 9.4 Fallout 2: A Post-Nuclear Role-Playing Game
36%
54 9.2 Persona 5
36%
65 9.2 Shin Megami Tensei: Persona 4
36%
42 9.3 Uncharted 2: Among Thieves
36%
5 9.6 Baldur's Gate III
32%
75 9.1 Spider-Man
32%
6 9.6 The Witcher 3: Wild Hunt
32%
67 9.2 Batman: Return to Arkham
27%
79 9.1 BioShock Infinite
27%
89 9.1 Mass Effect
27%
12 9.5 Mass Effect 2
27%
90 9.1 Mass Effect 3
27%
43 9.3 Metal Gear Solid 4: Guns of the Patriots
27%
23 9.4 Batman: Arkham City
23%
50 9.2 Bloodborne
23%
9 9.5 God of War: Ragnarök
23%
86 9.1 GoldenEye 007
23%
94 9.1 Persona 4 Golden
23%
4 9.6 Clair Obscur: Expedition 33
18%
56 9.2 Deus Ex
18%
55 9.2 Max Payne
18%
66 9.2 The Legend of Zelda: A Link to the Past
18%
31 9.4 Baldur's Gate II: Shadows of Amn
14%
83 9.1 Batman: Arkham Asylum
14%
73 9.1 Detroit: Become Human
14%
49 9.2 Ghost of Tsushima
14%
78 9.1 Hollow Knight: Silksong
14%
84 9.1 Kingdom Hearts
14%
38 9.3 Kingdom Hearts II
14%
13 9.5 Metal Gear Solid 3: Snake Eater
14%
11 9.5 Star Wars: Knights of the Old Republic
14%
3 9.7 The Last of Us: Part I
14%
72 9.2 Dead as Disco
9%
88 9.1 It Takes Two
9%
60 9.2 Shadow of the Colossus
9%
76 9.1 Alan Wake II
5%
53 9.2 Astro Bot
5%
32 9.4 Chrono Trigger
5%
47 9.2 Dispatch
5%
61 9.2 Half-Life: Alyx
5%
22 9.4 Kingdom Come: Deliverance II
5%
99 9.1 Mafia: The City of Lost Heaven
5%
34 9.3 Resident Evil: Requiem
5%
71 9.2 The Orange Box
5%
20 9.4 Uncharted 4: A Thief's End
5%
48 9.2 007 First Light
0%
46 9.3 Batman: Arkham Collection
0%
33 9.4 Block Tales: Swords of Time
0%
98 9.1 Castlevania: Symphony of the Night
0%
41 9.3 Cyberpunk 2077: Phantom Liberty
0%
35 9.3 Death Stranding 2: On the Beach
0%
100 9.1 Disco Elysium - The Final Cut
0%
93 9.1 Dragon Age: Origins
0%
87 9.1 Grim Fandango
0%
68 9.2 Kingdom Hearts II: Final Mix+
0%
8 9.6 Mass Effect: Legendary Edition
0%
16 9.5 Metal Gear Solid 3: Subsistence
0%
70 9.2 Monkey Island 2: LeChuck's Revenge
0%
24 9.4 Persona 5 Royal
0%
40 9.3 Planescape: Torment
0%
59 9.2 P.T.
0%
37 9.3 The Last of Us Part II Remastered
0%
69 9.2 The Legend of Zelda: Ocarina of Time 3D
0%
45 9.3 The Secret of Monkey Island
0%
58 9.2 The Walking Dead: A Telltale Game Series
0%
64 9.2 The Walking Dead: The Telltale Definitive Series
0%
63 9.2 Uncharted: Legacy of Thieves Collection
0%
44 9.3 Uncharted: The Nathan Drake Collection
0%
No matching quizzes found
Score Distribution
Percent of People with Each Score
Percentile by Number Answered
Your Score History
You have not taken this quiz